| 000 | 02175nam a2200313Ia 4500 | ||
|---|---|---|---|
| 999 |
_c46927 _d46927 |
||
| 001 | 13780 | ||
| 003 | GE_BSU | ||
| 005 | 20240913120629.0 | ||
| 008 | 181216s2014||||ge |||||||||||||| ||geo|| | ||
| 020 | _a9789941445750 | ||
| 040 | _cGE_BSU | ||
| 041 | _ageo | ||
| 080 | _a94(479.22)(092) ქ-47 | ||
| 245 |
_aქვეყნის სიყვარულში განვლილი წლები : _bაკად. როინ მეტრეველის დაბადებიდან სამოცდათხუთმეტი წლისადმი მიძღვნილი კრებული / _cსაქ. საპატრიარქოს წმ. ანდრია პირველწოდებულის სახ. ქართ. უნ-ტი ; შემდგ. : სერგო ვარდოსანიძე, ვახტანგ გურული, ლევან ჯიქია ; რედ. სერგო ვარდოსანიძე. |
||
| 264 |
_aთბილისი : _bარტანუჯი, _c2014. |
||
| 300 |
_a348 გვ. : _bფოტ. ; _c23 სმ. |
||
| 504 | _aბიბლიოგრაფია ტექსტის შენიშვნებში | ||
| 653 | _aკრებული | ||
| 653 | _aქვეყნის სიყვარულში განვლილი წლები | ||
| 653 | _aმეტრეველი, რ. (როინ) | ||
| 653 | _aქართველი ისტორიკოსები | ||
| 653 | _aროინ მეტრეველი | ||
| 700 |
_aვარდოსანიძე, სერგო _eშემდგენელი _923216 |
||
| 700 |
_aგურული, ვახტანგ _eშემდგენელი _923217 |
||
| 700 |
_aჯიქია, ლევან _eშემდგენელი _923218 |
||
| 700 |
_aვარდოსანიძე, სერგო _eრედაქტორი _923216 |
||
| 710 |
_aსაქ. საპატრიარქოს წმ. ანდრია პირველწოდებულის სახ. ქართ. უნ-ტი _918873 |
||
| 942 |
_cBK _2udc |
||